| 000 | 00628pam a2200193 a 4500 | ||
|---|---|---|---|
| 020 | _a0801665582 | ||
| 040 | _cDLC | ||
| 082 | 0 | 0 | _a540 BRO 1997 A032 Or. |
| 100 | 1 | _aSevenair, John. | |
| 245 | 1 | 0 |
_aIntroductory chemistry : _binvestigating the molecular nature of matter / |
| 250 | _a1st ed. | ||
| 260 |
_aDubuque, IA : _bWm.C. Brown Publishers, _cc1997. |
||
| 300 |
_axxiii, 788 p. : _bill. (some col.) ; _c26 cm. |
||
| 650 | 0 | _aChemistry. | |
| 700 | 1 | _aBurkett, Allan R. | |
| 856 | 4 | 2 | _uhttp://www.loc.gov/catdir/description/mh022/96038217.html |
| 856 | 4 | 1 | _uhttp://www.loc.gov/catdir/toc/mh022/96038217.html |
| 942 | _cEK | ||
| 999 |
_c11812 _d11812 |
||